000
00251nam a2200121Ia 4500
100
_a
Paramahansa Yogananda
942
_c
BK
245
_a
man's Eternal Quest
260
_b
Abhijit prakashan
_c
1982
300
_a
492
546
_a
ENGLISH
999
_c
25473
_d
25473